The Oxford history of modern India, 1740-1975 / (Record no. 2178)

MARC details
000 -LEADER
fixed length control field 00962nam a2200241 a 4500
003 - CONTROL NUMBER IDENTIFIER
control field BD-DhJNU
005 - DATE AND TIME OF LATEST TRANSACTION
control field 20251008030653.0
008 - FIXED-LENGTH DATA ELEMENTS--GENERAL INFORMATION
fixed length control field 860325r19781958ii abcf b 011 0 eng c
020 ## - INTERNATIONAL STANDARD BOOK NUMBER
International Standard Book Number 0195610768
040 ## - CATALOGING SOURCE
Original cataloging agency BD-DhJNU
Language of cataloging ENG
Transcribing agency BD-DhJNU
Modifying agency BD-DhJNU
082 00 - DEWEY DECIMAL CLASSIFICATION NUMBER
Classification number 954 SPO
Edition number 23
100 1# - MAIN ENTRY--PERSONAL NAME
Personal name Spear, Percival
245 14 - TITLE STATEMENT
Title The Oxford history of modern India, 1740-1975 /
Statement of responsibility, etc. Percival Spear.
250 ## - EDITION STATEMENT
Edition statement 2nd ed.
260 ## - PUBLICATION, DISTRIBUTION, ETC.
Place of publication, distribution, etc. Delhi ;
-- New York :
Name of publisher, distributor, etc. Oxford University Press,
Date of publication, distribution, etc. 1978.
300 ## - PHYSICAL DESCRIPTION
Extent 472 p., [8] leaves of plates :
Other physical details ill., maps, ports. ;
Dimensions 19 cm.
500 ## - GENERAL NOTE
General note "Reprint of Part III of the third edition of the Oxford History of India (1958), originally compiled by ... Vincent Smith"--P. [v].
504 ## - BIBLIOGRAPHY, ETC. NOTE
Bibliography, etc. note Includes bibliographies and index.
651 #0 - SUBJECT ADDED ENTRY--GEOGRAPHIC NAME
Geographic name India
General subdivision History
Chronological subdivision British occupation, 1765-1947.
651 #0 - SUBJECT ADDED ENTRY--GEOGRAPHIC NAME
Geographic name India
General subdivision History
Chronological subdivision 1947-
700 1# - ADDED ENTRY--PERSONAL NAME
Personal name Smith, Vincent A.
Fuller form of name (Vincent Arthur),
Dates associated with a name 1848-1920.
Title of a work Oxford history of India.
Number of part/section of a work Pt. 3.
942 ## - ADDED ENTRY ELEMENTS (KOHA)
Koha item type Books
Holdings
Withdrawn status Lost status Source of classification or shelving scheme Damaged status Not for loan Collection Home library Current library Shelving location Date acquired Source of acquisition Total checkouts Full call number Barcode Date last seen Copy number Price effective from Koha item type
    Dewey Decimal Classification     Non-fiction Jagannath University Central Library Jagannath University Central Library General stacks 10/08/2025 Purchased   954 SPO JNUCL17846 10/08/2025 1 10/08/2025 Books
    Dewey Decimal Classification     Non-fiction Jagannath University Central Library Jagannath University Central Library General stacks 10/08/2025 Purchased   954 SPO JNUCL17877 10/08/2025 2 10/08/2025 Books